000 00619nam a2200181 a 4500
001 000044449
005 20201002045401.0
008 140701s2014 dr 000 0 spa d
040 _aDO-SdBNP
_bspa
_cBNPHU
082 _axxxxxx
_bxxxxxx
100 1 _aAbreu, Radamés
_92771
245 1 4 _aLas ideas con poder /
_cRadamés Abreu, directora editorial Ana María Acevedo, corrección Pastora Méndez.
260 _aSanto Domingo, :
_bCentenario,
_c2014.
300 _a156 p. ;
_c23 cm.
504 _aBibliografías : p. 152-156
700 1 _aAcevedo, Ana María,
_edir. ed.
_92773
700 1 _aMéndez, Pastora,
_ecorr.
_92997
999 _c43938
_d43938